Una historia de las ciencias de la conducta (Registro nro. 10777)

000 -CABECERA
Campo de control de longitud fija 01849nam a22002897a 4500
003 - IDENTIFICADOR DEL NÚMERO DE CONTROL
Campo de control OSt
005 - FECHA Y HORA DE LA ÚLTIMA TRANSACCIÓN
Campo de control 20260327132646.0
008 - CÓDIGOS DE INFORMACIÓN DE LONGITUD FIJA
Campo de control de longitud fija 260325t2020 xxu||||| |||| 00| 0 spa d
020 ## - NÚMERO INTERNACIONAL NORMALIZADO PARA LIBROS (ISBN)
Número Internacional Normalizado para Libros (ISBN) 9789942840103
040 ## - FUENTE DE LA CATALOGACIÓN
Centro catalogador de origen Unicoc
Lengua de catalogación spa
Centro que cataloga Bogotá (Dr. David Ordóñez Rueda) - Campus Norte
Centro modificador Bogotá (Dr. David Ordóñez Rueda) - Campus Norte
082 ## - NÚMERO DE LA CLASIFICACIÓN DECIMAL DEWEY
Número de clasificación 150.9
100 ## - PUNTO DE ACCESO PRINCIPAL - NOMBRE DE PERSONA
9 (RLIN) 12784
Nombre de persona Martínez Suárez, Pedro C.
245 ## - MENCIÓN DE TÍTULO
Título Una historia de las ciencias de la conducta
Mención de responsabilidad etc. / Pedro C. Martínez Suárez
250 ## - MENCIÓN DE EDICIÓN
Mención de edición 1 Ed.
260 ## - PUBLICATION, DISTRIBUTION, ETC. (IMPRINT)
Lugar de publicación distribución etc. Ecuador :
Nombre del editor distribuidor etc. Centro de Estudio Sociales de América Latina ,
Fecha de publicación distribución etc. 2020
300 ## - DESCRIPCIÓN FÍSICA
Extensión 160 páginas
440 ## - MENCIÓN DE SERIE
9 (RLIN) 12785
Título Colección ciencias sociales
500 ## - NOTA GENERAL
Nota general Incluye referencias bibliográficas
505 ## - NOTA DE CONTENIDO CON FORMATO
Título Capítulo I: Contribuciones de un fisiólogo a un sistema sólido de Psicología del comportamiento, una aproximación desde la bibliometría: Iván Petrovich Pavlov como impulsor de una novedosa metodología de la conducta en el pensamiento científico actual. --
-- Capítulo II: Gestación del conductismo, una aproximación desde la geopolítica e historiografía conceptual de la ciencia: John Broadus Watson como agente de cambio en el pensamiento científico actual. --
-- Capítulo III: Burrhus Frederic Skinner: la cognición ante la conducta Skinner, promotor de un sistema conductista prolífico y evolutivo diversificado, una aproximación desde un análisis crítico. --
-- Capítulo IV: Vigotsky, más allá de Pensamiento y lenguaje Introducción entrando en la teoría de Vigotsky.
526 ## - NOTA DE INFORMACIÓN SOBRE EL PROGRAMA DE ESTUDIO
Institución que aplica el campo Unicoc
546 ## - NOTA DE LENGUA
Nota de lengua Español
650 #0 - PUNTO DE ACCESO ADICIONAL DE MATERIA - TÉRMINO DE MATERIA
9 (RLIN) 9335
Término de materia o nombre geográfico como elemento inicial Conducta (Psicología)
Subdivisión de materia general Historia
650 #0 - PUNTO DE ACCESO ADICIONAL DE MATERIA - TÉRMINO DE MATERIA
9 (RLIN) 12786
Término de materia o nombre geográfico como elemento inicial Conducta humana
658 #0 - TÉRMINO DE INDIZACIÓN - OBJETIVO CURRICULAR
9 (RLIN) 10741
Programa Académico Programa de Psicología
856 ## - LOCALIZACIÓN Y ACCESO ELECTRÓNICOS
Identificador Uniforme del Recurso (URI) https://unicoceduco-my.sharepoint.com/:b:/g/personal/direccionbiblioteca_unicoc_edu_co/IQDkdsJitEYWTaQ2TgJ_S4aAAVlK9zOoowXE6QOHVLMNGrs
Texto del enlace Acceso online exclusivo para comunidad Unicoc
942 ## - ENTRADA PARA ELEMENTOS AGREGADOS (KOHA)
Fuente de clasificación o esquema de ordenación en estanterías
Koha [por defecto] tipo de item Libro electrónico
Existencias
Estado de pérdida Fuente de clasificación o esquema de ordenación en estanterías Fecha del precio de reemplazo Signatura completa Localización actual No para préstamo Fecha de adquisición Estropeado Fuente de adquisición Tipo de item de Koha Código de colección Fecha última consulta Precio Localización permanente Código de barras
  2026-03-25150.9Bogotá (Dr. David Ordóñez Rueda) - Campus Norte 2026-03-25 CompraLibro electrónicoColeccion Online2026-03-25200000.00Bogotá (Dr. David Ordóñez Rueda) - Campus NorteEbook10777

© 2014 UNICOC | Institución Universitaria Colegios de Colombia - UNICOC
Bogotá D.C. Autopista Norte Km. 20. Teléfono:(571)6683535
Cali: Calle 13 Norte No. 3N-13. Teléfono: (572)6608887

Con tecnología de Koha